Science Quiz

Random Science or Elements Quiz

Element Pairs by Position of 'Y' Quiz Stats

 Plays Quiz Updated Sep 30, 2016

Score 0/10 Timer 02:00
0 Plays Today
% Correct
Yttrium
85.1%
Ytterbium
75.2%
Hydrogen
71.6%
Antimony
61%
Oxygen
57.8%
Mercury
53.9%
Krypton
49.3%
Beryllium
48.8%
Dysprosium
46.5%
Molybdenum
37.9%

You're not logged in!

Compare scores with friends on all Sporcle quizzes.
OR
Log In

You Might Also Like...

Show Comments

Extras

Top Quizzes Today


Score Distribution

Your Account Isn't Verified!

In order to create a playlist on Sporcle, you need to verify the email address you used during registration. Go to your Sporcle Settings to finish the process.

Report this User

Report this user for behavior that violates our Community Guidelines.

Details: